000 00648nam 22002173 4500
001 199468
010 _a978-989-668-048-0
021 _aPT
_b304720/10
090 _a199468
100 _a20251209d u||y0pory50 ba
200 _aMania da explicação
_fAdriana Falcão
_gilustrações Mariana Massarani
205 _a
210 _aCascais
_cVogais & Companhia
_d2010
215 _a[48] p.
_cil. ; brochado
_d25 cm
606 _946
_aLiteratura Infantil Brasileira
675 _a821.134.3(81)-93
_vPT
_zpor
700 _915320
_aFalcão
_bAdriana
_f1960-
702 _915321
_aMassarani
_bMariana
801 _aPT
_bBMMN
_gRPC
830 _cIsabel
990 _cLIVROS